Statistiques concernant Pays les plus proches de Cuba

Cliquez ici pour prendre le quiz!

Statistiques générales

  • Ce quiz a été pris 78 fois
  • Le résultat moyen est 14 sur 20

Statistiques - réponses

kmpays% Correct
149Etats-Unis
96%
197Mexique
93%
85Haïti
91%
146Jamaïque
89%
255République
dominicaine
89%
1168Costa Rica
88%
1151Panama
88%
509Belize
86%
642Honduras
86%
89Bahamas
85%
716Nicaragua
85%
630Guatemala
82%
891Colombie
76%
940Salvador
76%
968Venezuela
76%
1179France
58%
1181Pays-Bas
31%
1014Curaçao
16%
943Aruba
14%
1181Sint Maarten
7%

Distribution des résultats

Percentile par nombre de réponses

% des personnes avec chaque résultat

Votre développement - résultats

Vous n’avez pas pris ce quiz